El matrimonio cristiano
Sparad:
| Huvudupphovsman: | |
|---|---|
| Materialtyp: | Bok |
| Språk: | spanska |
| Publicerad: |
Madrid
Rialp
1965
|
| Ämnen: | |
| Taggar: |
Lägg till en tagg
Inga taggar, Lägg till första taggen!
|
MARC
| LEADER | 00000nam a2200000 a 4500 | ||
|---|---|---|---|
| 001 | UCI3552 | ||
| 003 | CL-VaPUC | ||
| 008 | 071109e19650000SP |||||||||||||||||spa|d | ||
| 082 | 0 | 4 | |a 248.4 |b LEC |2 21 |
| 100 | |a Leclercq, Jacques |e author |9 581394 | ||
| 245 | 1 | 3 | |a El matrimonio cristiano |
| 300 | |a 341 p | ||
| 942 | |c BK | ||
| 945 | |d 20071109 00:00:00 |a jtorresc | ||
| 260 | |a Madrid |b Rialp |c 1965 | ||
| 650 | 0 | |a Vidas cristianas |9 399872 | |
| 650 | 7 | |a MATRIMONIO |2 CL-VaPUC |9 524927 | |
| 650 | 0 | |a Sacramentos |9 257270 | |
| 650 | 0 | |a Familias |9 255641 | |
| 583 | |a last modification |c 20071109 00:00:00 |k Rodrigo Vera | ||
| 999 | |c 327700 |d 327698 | ||
| 952 | |0 0 |1 0 |4 0 |6 248_400000000000000_LEC_1965 |7 0 |8 A |9 410907 |a BIBTEO |b BIBTEO |d 2019-11-22 |i 438671K |o 248.4 LEC 1965 |p 438671K |r 2025-01-17 |w 2019-11-22 |y BK |k ICR | ||